000 01079nam a2200253Ia 4500
001 226.2-Mt ROS pi (1902)
003 IT-MiSPE
008 171229s9999||||xx |||||||||||||| ||und||
040 _aIT-MiSPE
_cIT-MiSPE
041 _aITALIANO
100 _aPiero Rossano
245 0 _aVangelo secondo Matteo
250 _a1a ed. (v)
260 _aMilano
_bRizzoli
_c1984
300 _a249 p.
_c18 cm
490 _aBUR: Classici
_v L502
501 _aEdizioni San Paolo srl - Piazza Soncino, 5 - 20092 CINISELLO BALSAMO (MI) (non commercial uses only) ® Copyright 2018
520 _aEd. bilingue
650 _aBIBBIA. NT. Vangelo secondo Matteo, in greco e italiano
700 _aPiero Rossano
_g(traduzione)
942 _cBK
957 _71
999 _a7809
_bNO
_g Copie: 1
_c339037
_d339037